000 00460nam a2200169Ia 4500
005 20250508152056.0
008 008 250505s9999 xx 000 0 eng d
037 _aTextual
040 _aFEDL
_beng
_cFEDL
041 _aeng
_2eng
084 _a321.8, IND
_qFEDL
245 0 _aFirst parliament 1952-1957
260 _aNew Delhi, India
_bLok Sabha Secretariat
300 _avii,183p.
942 _cTEXL
_h321.8, IND
999 _c1334095
_d1334095